El desistimiento unilateral del consumidor en los contratos con condiciones generales

Bibliographic Details
Main Author: ℓlvarez Moreno, Mara̕ Teresa
Format: Unknown
Language:Spanish
Published: Madrid : Edersa, 2000
Subjects:
Online Access:Acceso restringido

MARC

LEADER 00000ny a22000003n 4500
005 2011060600140.0
008 080610s2000 sp s 000 0 spa c
020 |a 8471309629 
035 |a 1300 
040 |a UMA.RE  |d vLex 
080 |a 347.43:366.5(0.034) 
080 |a 366.5:347.43(0.034) 
090 |c 464  |d 464 
100 |a ℓlvarez Moreno, Mara̕ Teresa 
245 1 3 |a El desistimiento unilateral del consumidor en los contratos con condiciones generales  |h [Recurso electrn̤ico]  |c Mara̕ Teresa ℓlvarez Moreno 
256 |a Servicio en ln̕ea 
260 |a Madrid :  |b Edersa,  |c 2000 
506 1 |a Contenido solo disponible en los productos indicados  |d vLex Global  |d vLex Global (Academic Edition, excluding Law Schools)  |d vLex Global (U.S. Academic Edition, Law Schools)  |d vLex Global (U.S. Academic Edition, excluding Law Schools)  |d vLex Global (Academic Edition, Law Schools) 
650 0 4 |a Derecho de los consumidores y usuarios  |2 Tesauro vLex 
650 0 4 |a Civil  |2 Tesauro vLex 
650 0 4 |a Desistimiento unilateral  |2 Tesauro vLex 
650 0 4 |a Condiciones generales del contrato  |2 Tesauro vLex 
650 0 4 |a Derechos de los consumidores  |2 Tesauro vLex 
740 0 |a vLex Libros (Servicios en ln̕ea) 
856 4 0 |u http://vlex.com/source/1300  |z Acceso restringido 
942 |c BOOK 
999 0 |a Civil Law   |b Madrid